00883nam a2200265 i 450000500170000000800410001702000380005804000250009608200150012109000190013610000250015524500720018024600990025225000180035126400620036926400110043130000230044233600210046533700250048633800230051165000200053465000330055494200110058799900190059820260419144404.0260419t20252025my gr 000 f may d a9786299574804cRM39.00qpaperback aPPAKbengcPPAKerda04a823.9222300a823.92bBOOdG1 aBoo, Byran,eauthor.10aShadows Of Ambition.nBook 1 : The Prince Of Ascension /cBYRAN BOO34aShadows of ambition.nBook 1 : the prince of ascension :bA Malaysian political thriller novel aFirst Edition 1aWilayah Persekutuan Kuala Lumpur :bBees Media PLT,c2025 4c©2025 a322 pages ;c21 cm atext2rdacontent aunmediated2rdamedia avolume2rdacarrier10aEnglish fiction24aMalaysian fiction (English)  2ddccB c203899d203899